000 00771cam a2200289 4500
001 X128191
008 041203n2004 000 0 eng u
035 _a(Sirsi) u128191
245 _aRegional survey: North East
260 _c2004
490 _aProperty Week
_v69(44) 29 October 2004, 73-88(8)
590 _aABS
590 _aABS
650 _aNORTHEAST ENGLAND
650 _aREGIONAL ASSEMBLIES
650 _aNEWCASTLE
650 _aTEESIDE
650 _aSUNDERLAND
650 _aDARLINGTON
650 _aNEWTON AYCLIFFE
650 _aTYNESIDE
650 _aINDUSTRIAL MARKET
650 _aOFFICE MARKET
650 _aPROPERTY-COMMERCIAL PROPERTY-RETAIL PROPERTY-RETAIL PROPERTY MARKET
690 _aCOMMERCIAL PROPERTY-MARKET
942 _n0
999 _c118402
_d118402